000 00479nam a2200157 a 4500
001 000008719
005 20200929161409.0
008 090918s1927 dr c 000 0 spa d
040 _aDO-SdBNP
_bspa
_cBNPHU
082 _axxxx
_bB585p
100 1 _aBidó, Amado Franco
_923219
245 1 0 _aPáginas sencillas /
_cAmado Franco Bidó.
260 _aSantiago de los Caballeros, República Dominicana :
_bImp. L. H. Cruz,
_c1927.
300 _a104 p. :
_bretr. ;
_c22 cm.
049 _aBNPD
999 _c8489
_d8489